Benchmarking of construction efficiency in the EU member states (Record no. 77192)
[ view plain ]
| 000 -LEADER | |
|---|---|
| fixed length control field | 01139cab a2200217 4500 |
| 001 - CONTROL NUMBER | |
| control field | ##L133762 |
| 008 - FIXED-LENGTH DATA ELEMENTS--GENERAL INFORMATION | |
| fixed length control field | 060608n2006 000 0 eng u |
| 035 ## - SYSTEM CONTROL NUMBER | |
| System control number | (Sirsi) u133762 |
| 041 0# - LANGUAGE CODE | |
| Language code of text/sound track or separate title | eng |
| 050 04 - LIBRARY OF CONGRESS CALL NUMBER | |
| Classification number | 658.562 |
| 110 2# - MAIN ENTRY--CORPORATE NAME | |
| Corporate name or jurisdiction name as entry element | Bernard Williams Associates |
| 9 (RLIN) | 3335 |
| 245 00 - TITLE STATEMENT | |
| Title | Benchmarking of construction efficiency in the EU member states |
| Remainder of title | scoping study |
| 260 ## - PUBLICATION, DISTRIBUTION, ETC. | |
| Date of publication, distribution, etc. | 2006 |
| 520 ## - SUMMARY, ETC. | |
| Summary, etc. | A new report commissioned by the EU has revealed that the UK is the second-worst member state with regard to resource and labour efficiency in the construction sector. The traditional craft-based structures and processes still used in the UK, Ireland, France and Spain consume significantly more labour and materials than the more industrialised approach adopted in Germany and the Nordic countries. Rates of pay are higher in these countries, and staff need less on-site supervision. Contains bar charts. |
| 590 ## - LOCAL NOTE (RLIN) | |
| Local note | IKA200606 NTK |
| 650 24 - SUBJECT ADDED ENTRY--TOPICAL TERM | |
| Topical term or geographic name entry element | EUROPEAN UNION |
| 651 #4 - SUBJECT ADDED ENTRY--GEOGRAPHIC NAME | |
| Geographic name | EUROPE |
| 690 ## - LOCAL SUBJECT ADDED ENTRY--TOPICAL TERM (OCLC, RLIN) | |
| Topical term or geographic name as entry element | Construction management |
| 9 (RLIN) | 6230 |
| 856 41 - ELECTRONIC LOCATION AND ACCESS | |
| Uniform Resource Identifier | <a href="https://www.bwassoc.co.uk/">https://www.bwassoc.co.uk/</a> |
| Public note | View the item free of charge at www.bwassoc.co.uk... |
| 942 ## - ADDED ENTRY ELEMENTS (KOHA) | |
| Suppress in OPAC | 0 |
| Withdrawn status | Lost status | Source of classification or shelving scheme | Damaged status | Not for loan | Home library | Current library | Shelving location | Date acquired | Total Checkouts | Full call number | Barcode | Date last seen | Copy number | Price effective from | Koha item type |
|---|---|---|---|---|---|---|---|---|---|---|---|---|---|---|---|
| Dewey Decimal Classification | Virtual | Virtual | Online | 08/06/2006 | ONLINE PUBLICATION | 133762-1001 | 06/08/2019 | 1 | 06/08/2019 | Book |